Bir Hıristiyan Bahîrâ efsanesi: bir tahrif örneği (XIXII. yüzyıl)/ (Record no. 60927)
| 000 -BAŞLIK | |
|---|---|
| Sabit Uzunluktaki Kontrol Alanı | 02413nam a22004337a 4500 |
| 001 - KONTROL NUMARASI | |
| Control Dosyası | 0061126 |
| 003 - KONTROL NUMARASI KİMLİĞİ | |
| Kontrol Alanı | KOHA_MİRAKIL |
| 005 - EN SON İŞLEM TARİHİ ve ZAMANI | |
| Kontrol Alanı | 20260207004325.0 |
| 007 - FİZİKSEL TANIM SABİT ALAN - GENEL BİLGİ | |
| Sabit uzunluklu kontrol alanı | ta |
| 008 - SABİT UZUNLUKTAKİ VERİ ÖGELERİ - GENEL BİLGİ | |
| Sabit Alan | 170912b2008 tu |||gr||||#||||0|tur | |
| 020 ## - ISBN - ULUSLARARASI STANDART KİTAP NUMARASI | |
| Isbn | 9789757560937 |
| 040 ## - KATALOGLAMA KAYNAĞI | |
| Özgün Kataloglama Kurumu | TR-BiSEU |
| Kataloglama Dili | tur |
| Çeviri Kurumu | TR-BiSEU |
| Açıklama Kuralları | rda |
| 041 0# - DİL KODU | |
| Metin ya da ses kaydının dil kodu | tur |
| 044 ## - YAYINLAYAN/ÜRETEN KURULUŞUN ÜLKE KODU | |
| ISO country code | tu |
| 050 ## - SINIFLAMA ve YER NUMARASI | |
| Sınıflama Numarası | BP172 |
| Yer Numarası | .C47 2008 |
| 245 0# - ESER ADI BİLDİRİMİ | |
| Başlık | Bir Hıristiyan Bahîrâ efsanesi: bir tahrif örneği (XIXII. yüzyıl)/ |
| Sorumluluk Bildirimi | Bahîrâ efsanesine dair Süryanice ve Arapça metinleri neşredip İngilizce'ye tercüme eden Richard James Horatio Gottheil ; Türkçe tercüme ve ilavelerle yayına hazırlayan Fatımatüz Zehra Kamacı. |
| 246 ## - DEĞİŞİK BAŞLIK FORMU | |
| Başlık uygun / kısa başlık | Bahîrâ hadisesinin Hz. Muhammed'i (SAV) ve İslamiyeti reddeden bir efsaneye dönüştürülmesi |
| 264 #1 - ÜRERİM, YAYIN, DAĞITIM ve TELİF BİLDİRİMİ | |
| Yayın yeri | İstanbul : |
| Yayınlayan | İnkılâb Basım Yayım |
| Yayın tarihi | 2008 |
| 300 ## - FİZİKSEL TANIMLAMA | |
| Sayfa, Cilt vb. | xii, 142 sayfa ; |
| Boyutları | 25 cm. |
| 336 ## - İÇERİK TÜRÜ | |
| Content type term | metin |
| Content type code | txt |
| Source | rdacontent |
| 337 ## - MEDYA TÜRÜ | |
| Media type term | aracısız |
| Media type code | n |
| Source | rdamedia |
| 338 ## - TAŞIYICI TÜRÜ | |
| Carrier type term | cilt |
| Carrier type code | nc |
| Source | rdacarrier |
| 490 1# - DİZİ BİLDİRİMİ | |
| Dizi Bildirimi | İnkılab yayınları ; |
| Cilt Numarası | 92. |
| 490 1# - DİZİ BİLDİRİMİ | |
| Dizi Bildirimi | Araştırma dizisi ; |
| Cilt Numarası | 50 |
| 500 ## - GENEL NOT | |
| Genel Not | Dizin var. |
| 500 ## - GENEL NOT | |
| Genel Not | Kaynakça var. |
| 505 ## - İÇİNDEKİLER NOTU | |
| İçindekiler Notu | Takriz / Prof.Dr. Mustafa FaydaVII Önsöz / Mütercim XI Giriş / Mütercim XVII Yahudilik-Hıristiyanlık-İslâm İlişkileri Açısından Apokalips-Reddiye EdebiyatıXVII Apokalips EdebiyatıXVII Reddiye EdebiyatıXXIV İslâm'ın Yayılışı ve Müslümanlarla Gayrimüslimler Arasındaki İlişkilerXXXII Bahîrâ Hadisesi XI/XII. yüzyılda Nasıl Bir Efsaneye-Reddiyeye Dönüştü? BİR HIRİSTİYAN BAHÎRÂ EFSANESİ Süryânîce Nüshaların Tercümesi 22 Sachau 87 Nüshası (Varak 48a vd.) 22 Sachau 10 Nüshası (Varak la vd.) 56 "Muhammed'in Soruları ve Mar Sergius'in Cevapları 62 Arapça Nüshaların Tercümesi 77 Kaynakça 125 İndeks 135 |
| 650 #0 - KONU BAŞLIĞI EK GİRİŞ - KONU TERİMİ | |
| Konusal terim veya coğrafi ad | Islam--Relations--Christianity. |
| 9 (RLIN) | 12347 |
| 650 #0 - KONU BAŞLIĞI EK GİRİŞ - KONU TERİMİ | |
| Konusal terim veya coğrafi ad | Christianity and other religions--Islam. |
| 9 (RLIN) | 11278 |
| 650 #0 - KONU BAŞLIĞI EK GİRİŞ - KONU TERİMİ | |
| Konusal terim veya coğrafi ad | Islam--Apologetic works. |
| 9 (RLIN) | 27147 |
| 650 #0 - KONU BAŞLIĞI EK GİRİŞ - KONU TERİMİ | |
| Konusal terim veya coğrafi ad | Islamic countries--Relations--Great Britain. |
| 9 (RLIN) | 27150 |
| 650 #0 - KONU BAŞLIĞI EK GİRİŞ - KONU TERİMİ | |
| Konusal terim veya coğrafi ad | İslam--İlişkiler--Hristiyanlık. |
| 9 (RLIN) | 36729 |
| 650 #0 - KONU BAŞLIĞI EK GİRİŞ - KONU TERİMİ | |
| Konusal terim veya coğrafi ad | Hristiyanlık ve diğer dinler--İslam. |
| 9 (RLIN) | 18211 |
| 650 #0 - KONU BAŞLIĞI EK GİRİŞ - KONU TERİMİ | |
| Konusal terim veya coğrafi ad | İslam--İlahiyat çalışmaları. |
| 9 (RLIN) | 113232 |
| 650 #0 - KONU BAŞLIĞI EK GİRİŞ - KONU TERİMİ | |
| Konusal terim veya coğrafi ad | İslam ülkeleri--İlişkiler--Büyük Britanya. |
| 9 (RLIN) | 113233 |
| 830 1# - SERİ EK GİRİŞİ - TEKBİÇİM ESER ADI | |
| Tekbiçim Başlık | İnkılab yayınları ; |
| Volume number/sequential designation | 92. |
| 9 (RLIN) | 12606 |
| 830 1# - SERİ EK GİRİŞİ - TEKBİÇİM ESER ADI | |
| Tekbiçim Başlık | Araştırma dizisi ; |
| Volume number/sequential designation | 50 |
| 9 (RLIN) | 8235 |
| 942 ## - EK GİRİŞ ÖGELERİ (KOHA) | |
| Source of classification or shelving scheme | Library of Congress Classification |
| Koha item type | Book |
| Materyal Türü | Kalıcı Konum | Mevcut Konum | Raf Yeri | Sınıflandırma Kaynağı | Edinim Bilgisi | Ana Konular | Alt Konular | Yer Numarası | Demirbaş Numarası | Fatura Tarihi | Geri Çekilme Durumu | Kayıp Durumu | Hasarlı Durumu | Kredi için değil | Kayıt Tarih | Toplam Ödünçverme | Son Görülme Tarihi | Son Kontrol Tarihi |
|---|---|---|---|---|---|---|---|---|---|---|---|---|---|---|---|---|---|---|
| Book | Prof. Dr. Azmi Özcan Kütüphanesi | Prof. Dr. Azmi Özcan Kütüphanesi | Uluğbey Salonu | Library of Congress Classification | Satın | FELSEFE, PSİKOLOJİ, DİN | İslam, Bahailik, Teozofi vb. | BP172 .C47 2008 | 0061126 | 02/02/2026 | 12/09/2017 | 05/12/2024 | 05/12/2024 |
